00669nam a2200229 i 45000010005000000030009000050050017000140070003000310080041000340200018000750800010000931000032001032450048001352500011001832600037001943000022002314900038002536500032002916500032003238300038003558520046003938067ES-MaACL20250830052205.0t|910623s1991 sp ||||1| spa d a84-7658-267-6 a8.0911 aResina, Joan Ramon, d1956-14aLos Usos del clasico / cJoan Ramon Resina. a1a ed. aBarcelona : bAnthropos, c1991. a349 p. ; c20 cm.1 aAmbitos literarios. Ensayo ; v3617aLiteratura comparada2embne17aLiteratura clásica2embne00aÁmbitos literarios.pEnsayov36 aES-MaACLjL-15327 bR.119233 z. - rust.0